| 000 | 00860nam a2200253 i 4500 | ||
|---|---|---|---|
| 001 | 5504 | ||
| 003 | ES-MaACL | ||
| 005 | 20230906144611.0 | ||
| 007 | t| | ||
| 008 | 881020s19721976sp ||||1| spa d | ||
| 020 | _a2-225-42295-8 (v.3) | ||
| 080 | _a611.8 | ||
| 100 | 1 |
_aLaget, P. _969573 |
|
| 245 | 1 | 0 |
_aElements de neuro-anatomie fonctionnelle / _cpar P.Laget. |
| 260 |
_aParis : _bMasson, _c1972-1976. |
||
| 300 |
_a3 v. : _bil. ; _c21 cm. |
||
| 490 | 1 |
_aStructures et fonctions du systeme nerveux ; _v3-5 |
|
| 500 | _aBibliografia. Indice. | ||
| 505 | 8 | _av.I.Moelle, bulbe et pont - v.II.Cervelet, mesencephale et diencephale - v.III.Telencephale | |
| 650 | 1 | 4 |
_aSistema nervioso. _917133 |
| 830 | 0 |
_aStructures et fonctions du systeme nerveux ; _v3-5 _9227700 |
|
| 852 |
_aES-MaACL _jL-12208-10 _bR.115339 _z. - Rust. |
||
| 999 |
_c5504 _d5504 |
||